Statistiken für Wallis: Gemeinden nach Einwohnerzahl

Klicken Sie hier um das Quiz zu spielen!

Allgemein

  • Dieses Quiz wurde 43 mal gespielt
  • Das Durchschnittsergebnis liegt bei 9 aus 15

Antwortstatistiken

EinwohnerzahlBezirkGemeinde% Korrekt
20'276-Martigny
100%
34'978-Sitten
100%
16'819-Siders
95%
8060-Visp
95%
17'820-Monthey
86%
8857-Conthey
71%
10'290BrigNaters
67%
13'221-Brig-Glis
62%
10'218SidersCrans-Montana
52%
8793MartignyFully
48%
7937SittenSavièse
43%
6805ContheyNendaz
33%
6397ContheyVétroz
24%
9598MontheyCollombey-Muraz
19%
10'329EntremontVal de Bagnes
19%

Verteilung der Resultate

Perzentil nach korrekt beantworteten Fragen

Anzahl Personen mit jedem Resultat

Ihre Resultats-Entwicklung

Sie haben dieses Quiz noch nicht gespielt